Antes de Adán / (Record no. 189250)

MARC details
000 -LEADER
campo de control de longitud fija 00869nam a2200265 i 4500
001 - NÚMERO DE CONTROL
campo de control 189250
003 - IDENTIFICADOR DE NÚMERO DE CONTROL
campo de control SpMaBN
005 - FECHA Y HORA DE LA ÚLTIMA TRANSACCIÓN
campo de control 20250829034732.0
008 - DATOS DE LONGITUD FIJA--INFORMACIÓN GENERAL
campo de control de longitud fija 190430s1988 sp |||| |dspa d
020 ## - NÚMERO INTERNACIONAL ESTÁNDAR DEL LIBRO
Número Internacional Estándar del Libro 84-7175-124-0
080 ## - NÚMERO DE LA CLASIFICACIÓN DECIMAL UNIVERSAL
Número de la Clasificación Decimal Universal 821.111(73)-31"18"
100 1# - ENTRADA PRINCIPAL--NOMBRE DE PERSONA
Nombre de persona London, Jack,
Fechas asociadas al nombre 1876-1916
9 (RLIN) 73218
245 10 - MENCIÓN DEL TÍTULO
Título Antes de Adán /
Mención de responsabilidad, etc. Jack London ; [traducción, Federico Revilla].
260 ## - PUBLICACIÓN, DISTRIBUCIÓN, ETC.
Lugar de publicación, distribución, etc. Barcelona :
Nombre del editor, distribuidor, etc. Ediciones 29,
Fecha de publicación, distribución, etc. [1988]
300 ## - DESCRIPCIÓN FÍSICA
Extensión 167 p. ;
Dimensiones 19 cm.
490 1# - MENCIÓN DE SERIE
Mención de serie Grandes autores
490 1# - MENCIÓN DE SERIE
Mención de serie Libros río nuevo
505 8# - NOTA DE CONTENIDO CON FORMATO
Nota de contenido con formato Contiene también: ;
Título Mi vida
700 1# - ENTRADA AGREGADA--NOMBRE PERSONAL
Nombre de persona Revilla, Federico.
9 (RLIN) 96429
830 00 - PUNTO DE ACCESO ADICIONAL DE SERIE-TÍTULO UNIFORME
Título uniforme Grandes autores (Ediciones 29)
9 (RLIN) 193271
830 00 - PUNTO DE ACCESO ADICIONAL DE SERIE-TÍTULO UNIFORME
Título uniforme Libros río nuevo
9 (RLIN) 193272
852 ## - LOCALIZACIÓN
Ubicación ES-MaACL
Número de control de estantería A-14540
itemnumber 196388
Sublocalización o colección R.152122
Ubicación en estantería Depósito 1
Signatura antigua Olim: N-7540
Donativo/Legado Donación: Editorial
942 ## - ELEMENTOS DE ENTRADA SECUNDARIOS (KOHA)
Fuente del sistema de clasificación o colocación Clasificación decimal universal
Holdings
Estatus retirado Estado de pérdida Fuente del sistema de clasificación o colocación Estado de daño No para préstamo Biblioteca de origen Biblioteca actual Ubicación en estantería Fecha de adquisición Fuente de adquisición Total de préstamos Signatura topográfica completa Código de barras Visto por última vez Precio de reemplazo Tipo de ítem Koha
    Clasificación decimal universal     Biblioteca del Ateneo de Madrid Biblioteca del Ateneo de Madrid Depósito 1 30/04/2019 Donación   A-14540 1200464 23/02/2023 23/02/2023 Libro impreso